<?xml version="1.0" encoding="UTF-8"?>
<record
    xmlns:xsi="http://www.w3.org/2001/XMLSchema-instance"
    xsi:schemaLocation="http://www.loc.gov/MARC21/slim http://www.loc.gov/standards/marcxml/schema/MARC21slim.xsd"
    xmlns="http://www.loc.gov/MARC21/slim">

  <leader>00688nam a22001577a 4500</leader>
  <controlfield tag="003">OSt</controlfield>
  <controlfield tag="005">20151208142052.0</controlfield>
  <controlfield tag="008">151205b        xxu||||| |||| 00| 0 eng d</controlfield>
  <datafield tag="040" ind1=" " ind2=" ">
    <subfield code="c">RUA</subfield>
  </datafield>
  <datafield tag="082" ind1=" " ind2=" ">
    <subfield code="a">FIS PEN 2003 B187 Or.1</subfield>
  </datafield>
  <datafield tag="100" ind1=" " ind2=" ">
    <subfield code="9">4329</subfield>
    <subfield code="a">PEN, VEASNA.</subfield>
  </datafield>
  <datafield tag="245" ind1=" " ind2=" ">
    <subfield code="a">Study of fishing gear utilization in community fisheries in lvea em district kandal province, &#x1780;&#x17B6;&#x179A;&#x179F;&#x17B7;&#x1780;&#x17D2;&#x179F;&#x17B6;&#x1796;&#x17B8;&#x17A7;&#x1794;&#x1780;&#x179A;&#x178E;&#x17CD;&#x1793;&#x17C1;&#x179F;&#x17B6;&#x1791;&#x178A;&#x17C2;&#x179B;&#x1794;&#x17B6;&#x1793;&#x1794;&#x17D2;&#x179A;&#x17BE;&#x1794;&#x17D2;&#x179A;&#x17B6;&#x179F;&#x17CB;&#x1780;&#x17D2;&#x1793;&#x17BB;&#x1784;&#x179F;&#x17A0;&#x1782;&#x1798;&#x1793;&#x17CD;&#x1793;&#x17C1;&#x179F;&#x17B6;&#x1791;&#x1793;&#x17C3;&#x179F;&#x17D2;&#x179A;&#x17BB;&#x1780;&#x179B;&#x17D2;&#x179C;&#x17B6;&#x17AF;&#x1798; &#x1781;&#x17C1;&#x178F;&#x17D2;&#x178F;&#x1780;&#x178E;&#x17D2;&#x178A;&#x17B6;&#x179B;</subfield>
  </datafield>
  <datafield tag="260" ind1=" " ind2=" ">
    <subfield code="a">Phnom Penh</subfield>
    <subfield code="b">RUA</subfield>
    <subfield code="c">2003</subfield>
  </datafield>
  <datafield tag="300" ind1=" " ind2=" ">
    <subfield code="a">58p.</subfield>
    <subfield code="b">ill.</subfield>
    <subfield code="c">28cm.</subfield>
  </datafield>
  <datafield tag="942" ind1=" " ind2=" ">
    <subfield code="2">ddc</subfield>
    <subfield code="c">FIS</subfield>
  </datafield>
  <datafield tag="999" ind1=" " ind2=" ">
    <subfield code="c">4042</subfield>
    <subfield code="d">4042</subfield>
  </datafield>
  <datafield tag="952" ind1=" " ind2=" ">
    <subfield code="0">0</subfield>
    <subfield code="1">0</subfield>
    <subfield code="2">ddc</subfield>
    <subfield code="4">0</subfield>
    <subfield code="6">FIS_PEN_2003_000000000000000_B187_OR_1</subfield>
    <subfield code="7">0</subfield>
    <subfield code="9">20492</subfield>
    <subfield code="a">LBB</subfield>
    <subfield code="b">LBB</subfield>
    <subfield code="c">B187</subfield>
    <subfield code="d">2015-12-05</subfield>
    <subfield code="l">1</subfield>
    <subfield code="o">FIS PEN 2003 B187 Or.1</subfield>
    <subfield code="p">RUA027428</subfield>
    <subfield code="r">2018-11-02</subfield>
    <subfield code="s">2017-01-17</subfield>
    <subfield code="w">2015-12-05</subfield>
    <subfield code="y">FIS</subfield>
  </datafield>
  <datafield tag="952" ind1=" " ind2=" ">
    <subfield code="0">0</subfield>
    <subfield code="1">0</subfield>
    <subfield code="2">ddc</subfield>
    <subfield code="4">0</subfield>
    <subfield code="6">FIS_PEN_2003_000000000000000_B187_OR_2</subfield>
    <subfield code="7">0</subfield>
    <subfield code="9">20589</subfield>
    <subfield code="a">LBB</subfield>
    <subfield code="b">LBB</subfield>
    <subfield code="c">B187</subfield>
    <subfield code="d">2015-12-05</subfield>
    <subfield code="o">FIS PEN 2003 B187 Or.2</subfield>
    <subfield code="p">RUA037730</subfield>
    <subfield code="r">2015-12-05</subfield>
    <subfield code="w">2015-12-05</subfield>
    <subfield code="y">FIS</subfield>
  </datafield>
  <datafield tag="952" ind1=" " ind2=" ">
    <subfield code="0">0</subfield>
    <subfield code="1">0</subfield>
    <subfield code="2">ddc</subfield>
    <subfield code="4">0</subfield>
    <subfield code="6">FIS_PEN_2003_000000000000000_B187_OR_3</subfield>
    <subfield code="7">0</subfield>
    <subfield code="9">20590</subfield>
    <subfield code="a">LBB</subfield>
    <subfield code="b">LBB</subfield>
    <subfield code="c">B187</subfield>
    <subfield code="d">2015-12-05</subfield>
    <subfield code="o">FIS PEN 2003 B187 Or.3</subfield>
    <subfield code="p">RUA037774</subfield>
    <subfield code="r">2015-12-05</subfield>
    <subfield code="w">2015-12-05</subfield>
    <subfield code="y">FIS</subfield>
  </datafield>
  <datafield tag="952" ind1=" " ind2=" ">
    <subfield code="0">0</subfield>
    <subfield code="1">0</subfield>
    <subfield code="2">ddc</subfield>
    <subfield code="4">0</subfield>
    <subfield code="6">FIS_PEN_2003_000000000000000_B187_OR_4</subfield>
    <subfield code="7">0</subfield>
    <subfield code="9">20599</subfield>
    <subfield code="a">LBB</subfield>
    <subfield code="b">LBB</subfield>
    <subfield code="c">B187</subfield>
    <subfield code="d">2015-12-05</subfield>
    <subfield code="o">FIS PEN 2003 B187 Or.4</subfield>
    <subfield code="p">RUA037756</subfield>
    <subfield code="r">2015-12-05</subfield>
    <subfield code="w">2015-12-05</subfield>
    <subfield code="y">FIS</subfield>
  </datafield>
  <datafield tag="952" ind1=" " ind2=" ">
    <subfield code="0">0</subfield>
    <subfield code="1">0</subfield>
    <subfield code="2">ddc</subfield>
    <subfield code="4">0</subfield>
    <subfield code="6">FIS_PEN_2003_000000000000000_B187_OR_4</subfield>
    <subfield code="7">0</subfield>
    <subfield code="9">20600</subfield>
    <subfield code="a">LBB</subfield>
    <subfield code="b">LBB</subfield>
    <subfield code="c">B187</subfield>
    <subfield code="d">2015-12-05</subfield>
    <subfield code="o">FIS PEN 2003 B187 Or.4</subfield>
    <subfield code="p">RUA036692</subfield>
    <subfield code="r">2015-12-05</subfield>
    <subfield code="w">2015-12-05</subfield>
    <subfield code="y">FIS</subfield>
  </datafield>
</record>
